The worl unified /
Hasta mediados del siglo XIX es cuando se habla de la unificación del mundo. Las redes de comunicación y el intercambio económico fueron los detonantes dicha unificación. La economía mundial guiada por la filosofía del liberalismo incrementó la integración y la estandarización mundial
Kaydedildi:
| Yazar: | |
|---|---|
| Diğer Yazarlar: | |
| Materyal Türü: | Metin |
| Dil: | Spanish |
| Baskı/Yayın Bilgisi: |
Blackwell Publishing
|
| Edisyon: | 2 |
| Konular: | |
| Etiketler: |
Etiketle
Etiket eklenmemiş, İlk siz ekleyin!
|
MARC
| LEADER | 00000 a a2200000 04500 | ||
|---|---|---|---|
| 001 | 37465 | ||
| 003 | cru IIS | ||
| 005 | 20230314152614.0 | ||
| 008 | 230314b |||||||| |||| 00| 0 spa d | ||
| 020 | |a 978-1-4051-0279-7 | ||
| 040 | |c cru IIS |d cru IIS | ||
| 090 | |a 0001 L471g | ||
| 100 | 1 | |a Hobsbawm, E. J. |9 11021 | |
| 245 | |a The worl unified / |c E. J. Hobsbawm | ||
| 250 | |a 2 | ||
| 260 | |a Blackwell Publishing | ||
| 300 | |a 58-62 p. | ||
| 520 | |a Hasta mediados del siglo XIX es cuando se habla de la unificación del mundo. Las redes de comunicación y el intercambio económico fueron los detonantes dicha unificación. La economía mundial guiada por la filosofía del liberalismo incrementó la integración y la estandarización mundial | ||
| 650 | |a GLOBALIZACION | ||
| 650 | |a MUNDO | ||
| 700 | |a ed. |a Boli, John |a ed. | ||
| 942 | |2 ddc |c LI | ||
| 999 | |c 1116 |d 1116 | ||
| 773 | 0 | |0 2864 |9 8439 |a Lechner, Frank J. |b 2 |d Blackwell Publishing 2000 |o 04530 |t The Globalization: reader / |w (cru IIS)37463 |z 978-1-4051-0279-7 | |



